| 000 | 01744nam a22005297a 4500 | ||
|---|---|---|---|
| 003 | OSt | ||
| 005 | 20230629091854.0 | ||
| 008 | 170318s2016 gt||||| |||| 00| 0 spa d | ||
| 040 | _cLado V | ||
| 082 | 0 | 4 |
_a700 _bJ91a |
| 100 |
_aJuarez M., Juan Bautista _9861 _eeditor |
||
| 245 | 1 | 0 |
_aArtefacto/ _bRevista de Arte y Cultura en Blanco y Negro/ |
| 260 |
_aNicaragua _bArtes Graficas y Ediciones _c1992 |
||
| 300 |
_a110p. _c22x28 cm |
||
| 490 |
_a16-17 _v1992 |
||
| 505 | _aBreve Historia | ||
| 505 | _aSin pelos en la sopa | ||
| 505 | _aPoco antes del siglo XXI | ||
| 505 | _aCentro América y el Caribe | ||
| 505 | _aDesciframe o te devoro | ||
| 505 | _aEchados del paraíso | ||
| 505 | _aDiscotheque gay para jóvenes de la tercera edad | ||
| 505 | _aFemalia | ||
| 505 | _aCanón de Alcoba | ||
| 505 | _aLa niña se ha vuelto loca | ||
| 505 | _aCatalejo Catalejo cuál es la literatura más bonita? | ||
| 505 | _a20 páginas arrancadas | ||
| 505 | _aSos un revolucionario | ||
| 505 | _aActos en visión | ||
| 505 | _aCelebración del poeta-mago | ||
| 505 | _aPimeros recuerdos de la huerta | ||
| 505 | _aAl alimón sobre el cuerpo | ||
| 505 | _aPhytia | ||
| 505 | _aEl último oficio del siglo XX | ||
| 505 | _aMorena la tentadora | ||
| 505 | _aLa pelicula | ||
| 505 | _aPlastica de los 90 | ||
| 505 | _aReminicencias romanas | ||
| 505 | _aChavalas UCA-UNAM | ||
| 505 | _aArtistas internacionales | ||
| 505 | _aVeredictos | ||
| 650 |
_2Tesauro de Arte & Arquitectura _aARTE |
||
| 650 |
_2Tesauro de Arte & Arquitectura _aCULTURA |
||
| 650 |
_2Tesauro de Arte & Arquitectura _aLITERATURA |
||
| 700 | 1 |
_aSvankmajer. _eilustrador. _95749 |
|
| 942 |
_2ddc _c1 _h700 _iJ91a _n0 |
||
| 999 |
_c3970 _d3970 |
||